| 000 | 01092nam a22002417a 4500 | ||
|---|---|---|---|
| 005 | 20101215120844.0 | ||
| 008 | 101215t xxu||||| |||| 00| 0 mar d | ||
| 010 | _aMAR-20429 | ||
| 020 | _c60.00 | ||
| 035 | _aMR-13087 | ||
| 037 | _bDBAD / PUB | ||
| 040 |
_aDPL _bMR |
||
| 082 | _a891.462 | ||
| 100 |
_aडोंगरे,व्यंकट नागोराव _924805 |
||
| 245 |
_aएक होतं गाव / _cव्यंकट नागोराव डोंगरे |
||
| 246 |
_aAak Hota Gav _bby Vyankat Nagorao Dongre |
||
| 260 |
_aलातूर _bमैथिली प्रकाशन _c2010 |
||
| 270 |
_aसौ राजश्री काकासाहेब शिंदे,अग्रोया नगर _bलातूर |
||
| 300 |
_a74पृ _c21सेमी(अजिल्द) |
||
| 700 | _924824 | ||
| 942 |
_2ddc _cMR _mडोंगरे _h891.462 |
||
| 999 |
_c49234 _d49234 |
||